000 00310nam a2200133 i 4500
001 bg
100 1 _aLICHTARNIKOV, J.M.
245 0 _aMetalliceskie konstrukcji /
_cJ.M. Lichtarnikov.
260 _aMoskva,
_c1968.
040 _cBPK
041 _apol
942 _cKS
008 s pl f |000 0 pol
999 _c8684
_d8684
856 _uhttp://koha.tu.koszalin.pl/cgi-bin/koha/opac-detail.pl?biblionumber=8684
_yKatalog online BPK